<?xml version="1.0" encoding="UTF-8"?>
<record
    xmlns:xsi="http://www.w3.org/2001/XMLSchema-instance"
    xsi:schemaLocation="http://www.loc.gov/MARC21/slim http://www.loc.gov/standards/marcxml/schema/MARC21slim.xsd"
    xmlns="http://www.loc.gov/MARC21/slim">

  <leader>00735nam a2200217Ia 4500</leader>
  <controlfield tag="005">20230123102601.0</controlfield>
  <controlfield tag="008">210716s2017    xx            000 0 und d</controlfield>
  <datafield tag="020" ind1=" " ind2=" ">
    <subfield code="a">9789352134977</subfield>
  </datafield>
  <datafield tag="040" ind1=" " ind2=" ">
    <subfield code="c">AIMIT LIBRARY</subfield>
  </datafield>
  <datafield tag="041" ind1=" " ind2=" ">
    <subfield code="a">eng</subfield>
  </datafield>
  <datafield tag="082" ind1=" " ind2=" ">
    <subfield code="a">005.1321 </subfield>
    <subfield code="2">1</subfield>
    <subfield code="b">WICH</subfield>
  </datafield>
  <datafield tag="100" ind1=" " ind2=" ">
    <subfield code="a">Wickham, Hadley.</subfield>
    <subfield code="9">69631</subfield>
  </datafield>
  <datafield tag="245" ind1=" " ind2=" ">
    <subfield code="a">R for data science: </subfield>
    <subfield code="b">impact tidy transform visualize and model data /</subfield>
    <subfield code="c">By Hadley Wickham and Garrett Grolemund.</subfield>
  </datafield>
  <datafield tag="250" ind1=" " ind2=" ">
    <subfield code="a">1st ed.</subfield>
  </datafield>
  <datafield tag="260" ind1=" " ind2=" ">
    <subfield code="a">New Delhi :</subfield>
    <subfield code="b">Shroff  Publications and Distributers Pvt Ltd ,</subfield>
    <subfield code="c">2017.</subfield>
  </datafield>
  <datafield tag="300" ind1=" " ind2=" ">
    <subfield code="a">xxiv,492p. ;</subfield>
    <subfield code="b">PB</subfield>
    <subfield code="c">22.6 cm.</subfield>
  </datafield>
  <datafield tag="650" ind1=" " ind2=" ">
    <subfield code="a">R Book.</subfield>
    <subfield code="9">69632</subfield>
  </datafield>
  <datafield tag="650" ind1=" " ind2=" ">
    <subfield code="a">R for Data Science.</subfield>
    <subfield code="9">69635</subfield>
  </datafield>
  <datafield tag="700" ind1=" " ind2=" ">
    <subfield code="a">Grolemund, Garrett.</subfield>
    <subfield code="9">69636</subfield>
  </datafield>
  <datafield tag="942" ind1=" " ind2=" ">
    <subfield code="2">ddc</subfield>
    <subfield code="c">BK</subfield>
    <subfield code="e">1st</subfield>
    <subfield code="k">005.1321 WICH</subfield>
  </datafield>
  <datafield tag="999" ind1=" " ind2=" ">
    <subfield code="c">195848</subfield>
    <subfield code="d">195848</subfield>
  </datafield>
  <datafield tag="952" ind1=" " ind2=" ">
    <subfield code="0">0</subfield>
    <subfield code="1">0</subfield>
    <subfield code="2">ddc</subfield>
    <subfield code="4">0</subfield>
    <subfield code="7">3</subfield>
    <subfield code="8">MCA</subfield>
    <subfield code="a">AIMIT</subfield>
    <subfield code="b">AIMIT</subfield>
    <subfield code="d">2017-08-24</subfield>
    <subfield code="e">Shroff Publishers</subfield>
    <subfield code="g">675.00</subfield>
    <subfield code="i">578/1718/INV :2017-08-02</subfield>
    <subfield code="l">0</subfield>
    <subfield code="o">005.1321 WICH</subfield>
    <subfield code="p">MCA15361</subfield>
    <subfield code="r">2025-07-21 00:00:00</subfield>
    <subfield code="v">506.25</subfield>
    <subfield code="w">2021-07-16</subfield>
    <subfield code="y">BK</subfield>
  </datafield>
  <datafield tag="952" ind1=" " ind2=" ">
    <subfield code="0">0</subfield>
    <subfield code="1">0</subfield>
    <subfield code="2">ddc</subfield>
    <subfield code="4">0</subfield>
    <subfield code="7">0</subfield>
    <subfield code="8">MCA</subfield>
    <subfield code="a">AIMIT</subfield>
    <subfield code="b">AIMIT</subfield>
    <subfield code="d">2023-01-23</subfield>
    <subfield code="e">Knowledge World</subfield>
    <subfield code="g">675.00</subfield>
    <subfield code="i">Bill no:501; Bill dt:2018-03-05</subfield>
    <subfield code="l">1</subfield>
    <subfield code="o">005.1321 WICH</subfield>
    <subfield code="p">MCA15717</subfield>
    <subfield code="r">2025-07-21 00:00:00</subfield>
    <subfield code="s">2024-05-20</subfield>
    <subfield code="v">526.50</subfield>
    <subfield code="w">2021-07-16</subfield>
    <subfield code="y">BK</subfield>
  </datafield>
  <datafield tag="952" ind1=" " ind2=" ">
    <subfield code="0">0</subfield>
    <subfield code="1">0</subfield>
    <subfield code="2">ddc</subfield>
    <subfield code="4">0</subfield>
    <subfield code="7">0</subfield>
    <subfield code="8">MCA</subfield>
    <subfield code="a">AIMIT</subfield>
    <subfield code="b">AIMIT</subfield>
    <subfield code="d">2023-01-23</subfield>
    <subfield code="e">Knowledge World</subfield>
    <subfield code="g">675.00</subfield>
    <subfield code="i">Bill no:501; Bill dt:2018-03-05</subfield>
    <subfield code="l">1</subfield>
    <subfield code="o">005.1321 WICH</subfield>
    <subfield code="p">MCA15718</subfield>
    <subfield code="r">2025-07-21 00:00:00</subfield>
    <subfield code="s">2024-05-20</subfield>
    <subfield code="v">526.50</subfield>
    <subfield code="w">2021-07-16</subfield>
    <subfield code="y">BK</subfield>
  </datafield>
  <datafield tag="952" ind1=" " ind2=" ">
    <subfield code="0">0</subfield>
    <subfield code="1">0</subfield>
    <subfield code="2">ddc</subfield>
    <subfield code="4">0</subfield>
    <subfield code="7">0</subfield>
    <subfield code="8">MCA</subfield>
    <subfield code="a">AIMIT</subfield>
    <subfield code="b">AIMIT</subfield>
    <subfield code="d">2023-01-23</subfield>
    <subfield code="e">Knowledge World</subfield>
    <subfield code="g">675.00</subfield>
    <subfield code="i">Bill no:501; Bill dt:2018-03-05</subfield>
    <subfield code="l">0</subfield>
    <subfield code="o">005.1321 WICH</subfield>
    <subfield code="p">MCA15719</subfield>
    <subfield code="r">2025-07-21 00:00:00</subfield>
    <subfield code="v">526.50</subfield>
    <subfield code="w">2021-07-16</subfield>
    <subfield code="y">BK</subfield>
  </datafield>
  <datafield tag="952" ind1=" " ind2=" ">
    <subfield code="0">0</subfield>
    <subfield code="1">0</subfield>
    <subfield code="2">ddc</subfield>
    <subfield code="4">0</subfield>
    <subfield code="7">0</subfield>
    <subfield code="8">MCA</subfield>
    <subfield code="a">AIMIT</subfield>
    <subfield code="b">AIMIT</subfield>
    <subfield code="d">2023-01-23</subfield>
    <subfield code="e">Knowledge World</subfield>
    <subfield code="g">675.00</subfield>
    <subfield code="i">Bill no:501; Bill dt:2018-03-05</subfield>
    <subfield code="l">1</subfield>
    <subfield code="o">005.1321 WICH</subfield>
    <subfield code="p">MCA15720</subfield>
    <subfield code="r">2025-07-21 00:00:00</subfield>
    <subfield code="s">2023-05-27</subfield>
    <subfield code="v">526.50</subfield>
    <subfield code="w">2021-07-16</subfield>
    <subfield code="y">BK</subfield>
  </datafield>
</record>
